000 00405pab a2200157 454500
008 180718b2004 xxu||||| |||| 00| 0 eng d
100 _aGoldstein, Don
245 _aService learning and teaching about globalization
260 _c2004
300 _ap.307-13.
362 _aSummer
650 _aTeaching
650 _aGlobalization
773 _aReview of Radical Political Economics
909 _a65023
999 _c65023
_d65023